000 00705nam a2200277Ia 4500
005 20260324143834.0
008 008 260324s9999 xx 000 0 eng d
020 _a9781315883403
037 _aEBOOK
040 _aCRL
040 _beng
040 _cCRL
041 _2eng
041 _aeng
084 _qCRL
100 _aHugh Coombs; J. Edwards
_91209270
245 0 _aAccountability of Local Authorities in England and Wales, 1831-1935 Volume 2 (RLE Accounting)
260 _bTaylor and Francis
260 _c1990
365 _a
365 _b290
856 _uhttp://www.taylorfrancis.com/books/9781315883403
942 _cEBOOK
999 _c1822985
_d1822985